Učitavanje...
The essential MBA /
| Glavni autor: | |
|---|---|
| Format: | Printed Book |
| Jezik: | English |
| Izdano: |
New Delhi :
Sage,
2011.
|
| Izdanje: | 1st ed. |
| LEADER | 00526nam a22001577a 4500 | ||
|---|---|---|---|
| 008 | 161005b xxu||||| |||| 00| 0 eng d | ||
| 999 | |c 159457 |d 159457 | ||
| 020 | |a 9788132109624 | ||
| 082 | |a 650.071141 | ||
| 100 | |a Miller, Susan | ||
| 245 | |a The essential MBA / |c Edited by Susan Miller | ||
| 250 | |a 1st ed. | ||
| 260 | |b Sage, |c 2011. |a New Delhi : | ||
| 300 | |a xx, 354 p. | ||
| 942 | |c BK | ||
| 952 | |0 0 |1 0 |4 0 |6 650_071141000000000_MIL_E |7 0 |9 173733 |a CMS |b CMS |c ST1 |d 2016-10-05 |i 11298 |l 0 |o 650.071141 MIL/E |p CMS11298 |r 2016-10-05 |w 2016-10-05 |y BK | ||